Star Wars: Ahsoka Characters by Picture - Statistics

General Stats
  • This quiz has been taken 86 times
  • The average score is 14 of 24
Answer Stats
Picture Answer % Correct
Ahsoka Tano
98%
Anakin Skywalker
95%
CT-7567 "Rex"
94%
Thrawn
94%
Sabine Wren
92%
Ezra Bridger
88%
C1-10P "Chopper"
83%
Gial Ackbar
81%
Hera Syndulla
81%
Baylan Skoll
73%
Mon Mothma
69%
Huyang
63%
Morgan Elsbeth
63%
Shin Hati
59%
Jacen Syndulla
55%
Marrok
55%
Kanan Jarrus
44%
Enoch
34%
Ryder Azadi
30%
Murley the Loth-cat
28%
Hamato Xiono
23%
Little Noti
14%
Jai Kell
11%
Vic Hawkins
9%
No matching quizzes found
Score Distribution
Percent of People with Each Score
Percentile by Number Answered
Your Score History
You have not taken this quiz